| 000 | 01555cam a2200445 i 4500 | ||
|---|---|---|---|
| 005 | 20171212141536.0 | ||
| 008 | 040402s1984 pl a f |000 0 pol c | ||
| 020 | _a8320405394 | ||
| 035 | _azz2004904636 | ||
| 039 | 9 |
_a201703161002 _bkopilwa _c201606131307 _dvapkr _c201605240914 _dkopumk _c201309261610 _dkopuewr _y200404021211 _zvbj28 |
|
| 040 |
_aKR U/28WP _cKR U/28WP _dKR U/28WP _dŁ U/ASs _dGL 001/IFW _dGL 001/JK |
||
| 100 | 1 | _aJanuszewski, Stefan. | |
| 245 | 1 | 0 |
_aDiody i tyrystory w pytaniach i odpowiedziach / _cStefan Januszewski, Henryk Świątek. |
| 260 |
_aWarszawa : _bWydawnictwa Naukowo-Techniczne, _c1984. |
||
| 300 |
_a219, [1] s. : _bil., err. ; _c24 cm. |
||
| 504 | _aBibliogr. s. 219. | ||
| 521 | 8 | _aDla inżynierów i techników różnych specjalności oraz dla uczniów szkół technicznych. | |
| 650 | _aDiody. | ||
| 650 | _aTyrystory. | ||
| 700 | 1 |
_aŚwiątek, Henryk _d(1937- ). |
|
| 710 | 2 |
_aWydawnictwa Naukowo-Techniczne. _4pbl |
|
| 920 | _a83-204-0539-4 | ||
| 953 | _aKR_93 | ||
| 956 | _aKR_119 | ||
| 958 | _aLUBL_58 | ||
| 959 | _aLUBL_64 | ||
| 960 | _aGD_101 | ||
| 961 | _aWA_310 | ||
| 962 | _aKR_U | ||
| 968 | _aTOR_U | ||
| 970 | _aWA_901 WA_U | ||
| 971 | _aL_U | ||
| 972 | _aWR_004 | ||
| 973 | _aGL_001 KAT_U | ||
| 978 | _aOLSZT_003 | ||
| 979 | _aBSTOK_U | ||
| 980 | _aSZCZ_U SZCZ_ZUT | ||
| 982 | _aBYDG_22 BYDG_24 | ||
| 999 |
_aVIRTUA m _c7050 _d7050 |
||
| 999 | _aVTLSSORT0010*0080*0200*0350*0390*0400*1000*2450*2600*3000*5040*5210*6500*6501*7000*7100*9200*9520*9530*9580*9590*9620*9680*9700*9710*9730*9780*9800*9820*9992 | ||